000 00777nas a2200265 4500
001 BR9602071
003 BR-BrBNA
005 20231205095739.0
007 ta
008 230509b bl.|||p| |||| 00| 00por d
040 _aBR-BrBNA
_bpor
_cBiblioteca Nacional de Agricultura
041 _a(En)
072 _aL73
100 1 _aCrespi, J.C.
100 1 _aWerner, P.R.
245 1 _aEndometrial cysts in mares: postmortem morphometric study
650 _aEgua
650 _aEndometrite
650 _aCisto
650 _aFertilidade Animal
650 _aUtero
773 0 _tArquivo Brasileiro de Medicina Veterinaria e Zootecnia (Brazil)
_xISSN 0102-0935
_g(Aug 1995), v. 47(4) p. 499-509
_wBR9602071
909 _a202311
_bLúcia
_c55
_dLúcia Elande
942 _2AGRIS
_n0
_cANA
999 _c152486
_d152486